Clubs de la Challenge Cup 2023-2024. - Statistiques

Statistiques générales
  • Ce quiz a été pris 41 fois
  • Le résultat moyen est 11 sur 18
Statistiques - réponses
Poule Points % Correct
Castres olympique 0
92%
USA Perpignan 0
83%
ASM Clermont 0
81%
Montpellier HR 0
81%
Section paloise 0
81%
US Oyonnax 0
72%
Sharks 0
64%
Gloucester rugby 0
61%
Édimbourg Rugby 0
58%
Cheetahs 0
58%
Benetton Trévise 0
56%
Scarlets 0
56%
Ospreys 0
53%
Lions 0
53%
Newcastle Falcons 0
50%
Zebre Parma 0
47%
Black Lions 0
47%
Dragons 0
39%
Aucun quiz correspondant
Distribution des résultats
% des personnes avec chaque résultat
Percentile par nombre de réponses
Votre historique - résultats
Vous n’avez pas pris ce quiz